Libertad y neurobiología : reflexiones sobre el libre albedrío, el lenguaje y el poder político /

Guardado en:
Detalles Bibliográficos
Autor principal: Searle, John R. (autor)
Formato: Libro
Idioma:Español
Publicado: Barcelona, España : Paidós, 2005, c2005
Colección:(Paidós Studio ; 162)
Temas:
Etiquetas: Agrega una etiqueta
Sin etiquetas, Sé el primero en etiquetar este registro!

MARC

LEADER 00000nam^a2200000^a^4500
001 000179476
005 20250521000000.0
009 20260310101824.5
020 |a 84-493-1666-9 
037 |a Acervo ITESO - Biblioteca 
041 |a ESP 
082 |a 121.  |b SEA 
100 |a Searle, John R.  |e (autor) 
245 1 0 |a Libertad y neurobiología :  |b reflexiones sobre el libre albedrío, el lenguaje y el poder político /  |c J.R. Searle ; pról. de Miguel Candel. 
264 4 |a Barcelona, España :  |b Paidós,  |c 2005, c2005 
300 |a 120 p. 
336 |a texto  |b txt  |2 rdacontenido 
337 |a sin mediación  |b n  |2 rdamedio 
338 |a volumen  |b nc  |2 rdasoporte 
440 1 |a (Paidós Studio ;  |v 162) 
500 |a Traducción de: Liberté et neurbiologie. Réfelxions sur le librearbitre, la langage et le pouvoir politique 
649 |a XX 
650 |a Libre Albedrío 
650 |a Libertad 
650 |a Conciencia 
650 |a Voluntad 
650 |a Necesidad (Filosofía) 
650 |a Razón 
650 |a Psicología Cognitiva 
650 |a Desarrollo Cognoscitivo 
650 |a Conocimiento 
650 |a Cerebro -  |x Fisiología 
650 |a Subjetividad (Psicología) 
650 |a Redes Neurales 
650 |a Alma y Cuerpo 
650 |a Objetividad y Subjetividad en la Ciencia 
650 |a Poder Político 
650 |a Psicología Política 
650 |a Derecho -  |x Filosofía 
650 |a Fenomenología 
650 |a Neurofisiología 
650 |a Neurolingüística 
650 |a Biología 
650 |a Epistemología 
650 |a Filosofía 
910 |a Fondo General 
920 |a Impresos - Libros 
930 |a Colección General 
905 |a 101 
901 |a 0500118641  |b IT1  |c ACC  |u 20250521 
902 |a https://opac.biblio.iteso.mx/vufind/Record/000179476